| 000 | 00554pam a2200169 a 4500 | ||
|---|---|---|---|
| 020 | _a0471103489 (cloth : alk. paper) | ||
| 040 | _cDLC | ||
| 082 | 0 | 0 | _a621 J.WI 1996 A046 Or. |
| 100 | 1 | _aShur, Michael. | |
| 245 | 1 | 0 | _aIntroduction to electronic devices / |
| 260 |
_aNew York : _bJ. Wiley, _cc1996. |
||
| 300 |
_axxv, 577 p. : _bill. ; _c26 cm. |
||
| 650 | 0 | _aElectronic apparatus and appliances. | |
| 856 | 4 | 2 | _uhttp://www.loc.gov/catdir/description/wiley032/95010567.html |
| 856 | 4 | _uhttp://www.loc.gov/catdir/toc/onix03/95010567.html | |
| 942 | _cEK | ||
| 999 |
_c13706 _d13706 |
||